000 01047nam a2200277 a 4500
001 000017115
005 20240528201511.0
008 100317s1997 dr acd 001 0 spa d
040 _aDO-SdBNP
_bspa
_cBNPHU
082 _a305.42
_bA532s
245 0 0 _aAnálisis de situación de la niñez y la mujer en la República Dominicana /
_cpresentación Osvaldo Legón, Rafael Camilo.
246 1 4 _aPlan defensa de la vida de la niñez 1997-2000
260 _aSanto Domingo :
_bUNICEF
_bONAPLAN,
_c1997.
_fTele 3
300 _a71 p. :
_bil., gráf., retrs. ;
_c29 cm.
504 _aIncluye bibliografía (p. 70 -71)
650 0 _aMujeres en República Dominicana
_92066
650 4 _aNiños en república dominicana
_937713
650 4 _aSalud de la mujer
_937714
650 4 _aPobreza en república dominicana
_937715
650 4 _aNutrición en república dominicana
_937716
650 4 _aMortalidad
_zRepública Dominicana
_96979
700 1 _aCamilo, Rafael
_9644
700 1 _aLegón, Osvaldo
_937717
710 2 _aUNICEF
_983236
049 _aBNPD
999 _c16641
_d16641